LEADER 00952nam a2200289 i 4500 001 991003684689707536 005 20021220115302.0 008 020218s2001 de ||| | eng 020 $a3540426256 035 $ab11847864-39ule_inst 035 $aLE01313308$9ExL 040 $aDip.to Matematica$beng 082 0 $a515.9 084 $aAMS 30H05 084 $aAMS 46E15 100 1 $aXiao, Jie$0352355 245 10$aHolomorphic Q classes /$cJie Xiao 260 $aBerlin :$bSpringer,$c2001 300 $aviii, 112 p. ;$c24 cm 490 0 $aLecture notes in mathematics,$x0075-8434 ;$v1767 650 0$aHolomorphic Q classes 907 $a.b11847864$b28-04-17$c20-12-02 912 $a991003684689707536 945 $aLE013 30H05 XIA11 (2001$g1$i2013000133126$lle013$o-$pE0.00$q-$rl$s- $t0$u0$v0$w0$x0$y.i12100286$z20-12-02 996 $aHolomorphic Q classes$9262198 997 $aUNISALENTO 998 $ale013$b01-01-02$cm$da $e-$feng$gde $h0$i1 LEADER 01806nam 2200577Ia 450 001 9910777567903321 005 20230617002008.0 010 $a0-7914-8493-9 010 $a1-4237-3966-3 035 $a(CKB)1000000000458379 035 $a(OCoLC)62751170 035 $a(CaPaEBR)ebrary10594931 035 $a(SSID)ssj0000172817 035 $a(PQKBManifestationID)11196776 035 $a(PQKBTitleCode)TC0000172817 035 $a(PQKBWorkID)10162570 035 $a(PQKB)10688165 035 $a(MiAaPQ)EBC3408585 035 $a(OCoLC)62348646 035 $a(MdBmJHUP)muse6160 035 $a(Au-PeEL)EBL3408585 035 $a(CaPaEBR)ebr10594931 035 $a(EXLCZ)991000000000458379 100 $a20030722d2004 uy 0 101 0 $aeng 135 $aurcn||||||||| 181 $ctxt 182 $cc 183 $acr 200 10$aHomelessness, citizenship, and identity$b[electronic resource] $ethe uncanniness of late modernity /$fKathleen R. Arnold 210 $aAlbany $cState University of New York Press$dc2004 215 $a1 online resource (224 p.) 225 0 $aSUNY series in national identities 300 $aBibliographic Level Mode of Issuance: Monograph 311 $a0-7914-6111-4 320 $aIncludes bibliographical references (p. 173-204) and index. 606 $aHomelessness 606 $aHomelessness$xGovernment policy 606 $aHomeless persons 615 0$aHomelessness. 615 0$aHomelessness$xGovernment policy. 615 0$aHomeless persons. 676 $a305.5/692 700 $aArnold$b Kathleen R.$f1966-$01557546 801 0$bMiAaPQ 801 1$bMiAaPQ 801 2$bMiAaPQ 906 $aBOOK 912 $a9910777567903321 996 $aHomelessness, citizenship, and identity$93866084 997 $aUNINA